| 000 | 02110cam a22004814i 4500 | ||
|---|---|---|---|
| 003 | PE-LiUPU | ||
| 005 | 20250731173428.0 | ||
| 008 | 150706s2011 pe a r 000 0 spa d | ||
| 035 | _a(Sirsi) a52082 | ||
| 040 |
_aPE-LiUPU _bspa _cPE-LiUPU _erda |
||
| 049 | _aPRUA | ||
| 082 | 0 | 4 |
_a286.732985 _bB17 _221 |
| 100 | 1 |
_aBalabarca Cárdenas, Yván, _eautor. |
|
| 245 | 1 | 0 |
_aHermanos de sangre / _cYván Balabarca Cárdenas. |
| 264 | 1 |
_aLima : _b[s.n.], _c2011. |
|
| 300 |
_a95 páginas : _bilustraciones ; _c21 centímetros |
||
| 336 |
_atext _2rdacontent |
||
| 337 |
_aunmediated _2rdamedia |
||
| 338 |
_avolume _2rdacarrier |
||
| 505 | 0 | _aEn nueve capítulos, y entrelaznado datos fidedignos con personajes fictisios, el autor en este cuento narra la historia de la llegada de la Iglesia Adventista del Séptimo Día al Perú. | |
| 526 | _aSEG42 | ||
| 526 | _aSEG41 | ||
| 526 | _aSEG40 | ||
| 526 | _aSEG39 | ||
| 526 | _aP94 | ||
| 526 | _aP87 | ||
| 526 | _aP86 | ||
| 526 | _aP85 | ||
| 526 | _aP77 | ||
| 526 | _aP76 | ||
| 526 | _aP35 | ||
| 610 | 2 |
_aAdventistas del Séptimo día _zPerú _xHistoria _vCuentos. |
|
| 910 |
_agl _cjck _d20130228 |
||
| 942 |
_2ddc _cBOOK |
||
| 949 |
_a286.732985 B17 _wDEWEY _c1 _i66505 _lCCODEBUL1 _mBUL _p08.00 _r0 _sY _tLIBRO _u2015-07-06 _xBIBLIOTECA _zUNKNOWN _o.STAFF. Colección Teología |
||
| 949 |
_a286.732985 B17 _wDEWEY _c2 _i66506 _lCCODEBUL1 _mBUL _p08.00 _r0 _sY _tLIBRO _u2015-07-06 _xBIBLIOTECA _zUNKNOWN _o.STAFF. Colección Teología |
||
| 994 |
_aC0 _bPEPRU |
||
| 596 | _a1 | ||
| 999 |
_a286.732985 B17 _wDEWEY _c54675 _i66505 _d54675 _e2017-5-8 _f2021-11-11 _g5 _lCCODEBUL1 _mBUL _n2 _p8.00 _q2 _r0 _sY _tBOOK _u2015-7-6 _xTEOLOGIA _PP35 _0COMPRA _o.STAFF. Colección Teología |
||
| 999 |
_a286.732985 B17 _wDEWEY _c2 _i66506 _d2019-4-10 _e2019-4-7 _f2021-11-11 _g5 _lCCODEBUL1 _mBUL _n4 _p8.00 _q2 _r0 _sY _tBOOK _u2015-7-6 _xTEOLOGIA _PP35 _0COMPRA _o.STAFF. Colección Teología |
||
| 980 |
_81 _gALBERTO SANCHEZ Responsable de Automatización |
||